00691cam a22002171 4500001001300000003000400013005001700017008004100034010002200075025001900097050001400116082001200130100003300142245005300175260003900228300001800267350001100285500012900296650003100425999001700456sa 67000855 DLC20260227112318.0740123s1966 ii 00010 eng  asa 67000855 //r88 aPL480:I-E-70670 aH62b.T47 a301.01810aThoothi, Noshirwan Ardeshir.10aMethods of social research,c[by] N. A. Thoothi.0 aBombay,bPopular Prakashanc[1966] a66 p.c23 cm. aRs9.50 a"Forms Part II (on method) of ... The Vaishnavas of Gujarat ... accepted for the D. Phil. of the Oxford University in 1924." 0aSocial sciencesxResearch. c72253d72253